000 00957cam a2200253 a 4500
001 14924713
005 20180213071945.0
008 070712s2008 ctua 001 0 eng
010 _a 2007028844
020 _a9781561589739 (pbk.)
020 _a156158973X (pbk.)
035 _a(OCoLC)ocn156874720
040 _aDLC
_cDLC
_dIG#
_dBAKER
_dBTCTA
_dYDXCP
_dIH9
_dCDX
_dOCLCG
_dQBX
_dVP@
_dEZU
_dDLC
041 _aeng
080 _a690.837 JOH
082 0 0 _a690.837 JOH
_222
100 1 _a41
101 _aNDE
245 1 0 _aGreen from the ground up :
_cDavid Johnston & Scott Gibson.
504 _aIncludes bibliographical references and index.
906 _a7
_bcbc
_corignew
_d1
_eecip
_f20
_gy-gencatlg
942 _2ddc
_cBK
999 _c42389
_d42389